Central Library OPAC University of Rajshahi

The history of the popes from the close of the middle ages : (Record no. 31287)

MARC details
000 -LEADER
fixed length control field 01321nam a2200313 a 4500
001 - CONTROL NUMBER
control field 31287
003 - CONTROL NUMBER IDENTIFIER
rucl marc code BD-RjUL
005 - DATE AND TIME OF LATEST TRANSACTION
control field 20211209051700.0
008 - FIXED-LENGTH DATA ELEMENTS--GENERAL INFORMATION
fixed length control field 140415t1950 enk 001 0 eng d
035 ## - SYSTEM CONTROL NUMBER
System control number (BD-RjUL)31374
040 ## - CATALOGING SOURCE
Original cataloging agency DLC
Language of cataloging eng
Transcribing agency DLC
Modifying agency BD-RjUL
041 ## - LANGUAGE CODE
Language code of text/sound track or separate title eng
082 04 - DEWEY DECIMAL CLASSIFICATION NUMBER
Classification number 270
Author mark and year PAH 1950
100 1# - MAIN ENTRY--PERSONAL NAME
Personal name Pastor, Ludwig,
Dates associated with a name 1854-1928.
9 (RLIN) 95211
245 14 - TITLE STATEMENT
Title The history of the popes from the close of the middle ages :
Remainder of title drawn from the secret archives of the Vatican and other original sources /
Statement of responsibility, etc. from the German of Ludwig Pastor ; edited by Frederick Ignatius Antrobus.
Number of part/section of a work Volume-VI
250 ## - EDITION STATEMENT
Edition statement 5th ed.
260 ## - PUBLICATION, DISTRIBUTION, ETC. (IMPRINT)
Place of publication, distribution, etc. London :
Name of publisher, distributor, etc. Kegan Paul ;
-- Trench ;
-- Trübner,
Date of publication, distribution, etc. 1950.
300 ## - PHYSICAL DESCRIPTION
Pagination V-6 (xxx, 670 p.) ;
Size 23 cm.
500 ## - GENERAL NOTE
General note Vols 7-24 edited by Ralph Francis Kerr; v.25-34 translated and edited by Ernest Graf; v.35-40 translated by E.F. Peeler.
General note Vols. 35-40 published: London: Routledge & Kegan Paul.
504 ## - BIBLIOGRAPHY, ETC. NOTE
Bibliography, etc includes index.
610 ## - SUBJECT ADDED ENTRY--CORPORATE NAME
Corporate name or jurisdiction name as entry element Catholic Church -- History.
650 #0 - SUBJECT ADDED ENTRY--TOPICAL TERM
Topical term or geographic name as entry element Popes
Form subdivision Biography.
9 (RLIN) 95212
Topical term or geographic name as entry element Popes
General subdivision History.
9 (RLIN) 95213
700 1# - ADDED ENTRY--PERSONAL NAME
Personal name Antrobus, Frederick Ignatius.
Personal name Peeler, E. F.
Fuller form of name (Edward Francis),
Dates associated with a name 1898-
942 ## - ADDED ENTRY ELEMENTS (KOHA)
Source of classification or shelving scheme Dewey Decimal Classification
Koha item type Books
Holdings
Lost status Source of classification or shelving scheme Damaged status Not for loan Collection code Permanent Location Current Location Shelving location Date acquired Source of acquisition Cost, normal purchase price Total Checkouts Full call number Date last seen Copy number Koha item type
  Dewey Decimal Classification   Not For Loan Non-fiction Central Library, University of Rajshahi Central Library, University of Rajshahi Reading Room 08/03/1955 SIMPKIM MASSHALL 18.00   270 PAH V-6 1950 15/04/2014 C-1 Books